书目信息 |
| 题名: |
草原帝国
|
|
| 作者: | 格鲁塞 著 ;何滟 编译 | |
| 分册: | ||
| 出版信息: | 重庆 重庆出版社 2014 |
|
| 页数: | 321页,[1] 叶图版 | |
| 开本: | 24cm | |
| 丛书名: | 文化伟人代表作图释书系 | |
| 单 册: | ||
| 中图分类: | K289 , K300.7 | |
| 科图分类: | ||
| 主题词: | 蒙古(古族名)--meng gu (gu zu ming )--民族历史 , 民族历史--min zu li shi | |
| 电子资源: | ||
| ISBN: | 978-7-229-07183-7 | |
| 000 | 01397nam0 22003371 450 | |
| 001 | 0109172519 | |
| 005 | 20170310090919.82 | |
| 010 | @a978-7-229-07183-7@dCNY38.00 | |
| 100 | @a20140616d2014 ekmy0chiy50 ea | |
| 101 | 1 | @achi@cfre |
| 102 | @aCN@b500000 | |
| 105 | @aabf z 000yy | |
| 106 | @ar | |
| 200 | 1 | @a草原帝国@9cao yuan di guo@dThe empire of the steppes@f(法) 勒内·格鲁塞著@g何滟编译@zeng |
| 205 | @a第3版 | |
| 210 | @a重庆@c重庆出版社@d2014 | |
| 215 | @a321页,[1] 叶图版@c图,地图@d24cm | |
| 225 | 2 | @a文化伟人代表作图释书系@9wen hua wei ren dai biao zuo tu shi shu xi |
| 312 | @a其它题名取自封面 | |
| 330 | @a本书以史料为基础,以年代和人物事件为线索,再现了从上古末期直到清朝,历经三千多年活跃于欧亚大陆的匈奴、鲜卑、突厥、蒙古等游牧民族的发展史、征战史。尤以成吉思汗创建的蒙古帝国兴衰为重点描述对象,系统介绍了其形成、发展和衰亡的整个过程。 | |
| 461 | 0 | @12001 @a文化伟人代表作图释书系 |
| 510 | 1 | @aEmpire of the steppes@zeng |
| 517 | 1 | @a记述游牧民族与农耕社会三千年碰撞史@9ji shu you mu min zu yu nong geng she hui san qian nian peng zhuang shi |
| 606 | 0 | @a蒙古(古族名)@9meng gu (gu zu ming )@x民族历史 |
| 606 | 0 | @a民族历史@9min zu li shi |
| 690 | @aK289@v5 | |
| 690 | @aK300.7@v5 | |
| 701 | 1 | @a格鲁塞@9ge lu sai@g(Grousset,Rene),@f1885-1952@4著 |
| 702 | 0 | @a何滟@9he yan@4编译 |
| 801 | 0 | @aCN@bTANGWEI@c20170308 |
| 905 | @b0954213-5@dK289@e90=3@f3 | |
| 草原帝国=The empire of the steppes/(法) 勒内·格鲁塞著/何滟编译.-第3版.-重庆:重庆出版社,2014 |
| 321页,[1] 叶图版:图,地图;24cm.-(文化伟人代表作图释书系) |
| ISBN 978-7-229-07183-7:CNY38.00 |
| 本书以史料为基础,以年代和人物事件为线索,再现了从上古末期直到清朝,历经三千多年活跃于欧亚大陆的匈奴、鲜卑、突厥、蒙古等游牧民族的发展史、征战史。尤以成吉思汗创建的蒙古帝国兴衰为重点描述对象,系统介绍了其形成、发展和衰亡的整个过程。 |
| ● |
| 相关链接 |
|
|
|
|
正题名:草原帝国
索取号:K289/90=3
 
预约/预借
| 序号 | 登录号 | 条形码 | 馆藏地/架位号 | 状态 | 备注 |
| 1 | 0954213 | 209542137 | 第二样本阅览室/ [索取号:K289/90=3] | 在馆 | |
| 2 | 0954214 | 209542146 | 第二借阅区/ [索取号:K289/90=3] | 在馆 | |
| 3 | 0954215 | 209542155 | 第二借阅区/ [索取号:K289/90=3] | 在馆 |